000 00586aam a2200205 4500
001 7372
003 Uk
005 20250612144206.0
006 m || d |
007 cr |||||||||||
008 040401s2004 enka ob 001 0 eng
020 _a0804717915
082 0 4 _a301.2 OHN
100 1 _aOhnuki-Tierney, Emiki. (Ed.)
245 1 0 _aCulture through time :
_b anthropological approaches.
260 _aCalifornia :
_bStandford University Press,
_c1990.
300 _axii, 325 p. :
_bill, :
_c25 cm.
504 _aIncludes bibliographical references and index.
942 _2ddc
_cMAIN
999 _c10357
_d10358